[Event "Budapest SixDays 03 GM-B"]
[Site "Budapest"]
[Date "2025.03.28"]
[Round "8"]
[White "Mirzoev, Azer"]
[Black "Sklokin, Sergey"]
[Result "1/2-1/2"]
[WhiteElo "2470"]
[BlackElo "2338"]
[PlyCount "36"]
[EventDate "2025.03.24"]
[EventType "tourn"]
[EventRounds "9"]
[EventCountry "HUN"]
[EventCategory "6"]
[SourceTitle "CB14_2025"]
[SourceDate "2024.11.01"]
[SourceVersion "1"]
[SourceVersionDate "2024.11.01"]
[SourceQuality "1"]

1. d4 d5 2. Nf3 Nf6 3. c4 e6 4. Nc3 Nbd7 5. cxd5 exd5 6. Bg5 h6 7. Bh4 c6 8. e3 g5 9. Bg3 Nh5 10. Qc2 Nxg3 11. hxg3 Bg7 12. Bd3 Nb6 13. Bf5 Bxf5 14. Qxf5 Nc4 15. Qc2 Nb6 16. Qf5 Nc4 17. Qc2 Nb6 18. Qf5 Nc4 1/2-1/2

[Event "Budapest SixDays 03 GM-B"]
[Site "Budapest"]
[Date "2025.03.25"]
[Round "2"]
[White "Grover, Sahaj"]
[Black "Mirzoev, Azer"]
[Result "0-1"]
[WhiteElo "2469"]
[BlackElo "2470"]
[PlyCount "68"]
[EventDate "2025.03.24"]
[EventType "tourn"]
[EventRounds "9"]
[EventCountry "HUN"]
[EventCategory "6"]
[SourceTitle "CB14_2025"]
[SourceDate "2024.11.01"]
[SourceVersion "1"]
[SourceVersionDate "2024.11.01"]
[SourceQuality "1"]

1. e4 e5 2. Nf3 Nc6 3. Bb5 Nf6 4. Nc3 Bd6 5. d3 a6 6. Bc4 0-0 7. 0-0 h6 8. a4 Bc5 9. Nd5 d6 10. c3 Ba7 11. Re1 Nxd5 12. Bxd5 Ne7 13. Bb3 Ng6 14. h3 Be6 15. d4 Re8 16. Be3 Qc8 17. Nd2 Nf8 18. a5 Nh7 19. Bc2 c6 20. f4 exd4 21. cxd4 f5 22. e5 Qd7 23. Qe2 Qf7 24. Nf3 Rad8 25. Kh2 Bb8 26. Rg1 Nf8 27. g4 fxg4 28. hxg4 Bd5 29. Rg3 c5 30. g5 h5 31. g6 Qc7 32. dxc5 dxe5 33. fxe5 Rxe5 34. Rag1 Qe7 0-1

[Event "Titled Tuesday intern op 11th Mar Early"]
[Site "Chess.com INT"]
[Date "2025.03.11"]
[Round "9"]
[White "Durarbayli, Vasif"]
[Black "Mirzoev, Azer"]
[Result "1-0"]
[WhiteElo "2612"]
[BlackElo "2470"]
[PlyCount "75"]
[EventDate "2025.03.11"]
[EventType "swiss (blitz)"]
[EventRounds "11"]
[EventCountry "USA"]
[SourceTitle "CB12_2025"]
[SourceDate "2025.03.19"]
[SourceVersion "1"]
[SourceVersionDate "2025.03.19"]
[SourceQuality "1"]

1. e4 Nf6 2. e5 Nd5 3. d4 d6 4. c4 Nb6 5. exd6 exd6 6. Nc3 Be7 7. Bd3 Nc6 8. Nge2 Bg4 9. Be3 Bh5 10. 0-0 Bg6 11. b3 Bxd3 12. Qxd3 0-0 13. d5 Ne5 14. Qd2 Re8 15. h3 Ned7 16. Rae1 Nc5 17. Ng3 a5 18. Bd4 Bf8 19. Nf5 Qd7 20. Qg5 f6 21. Bxf6 Nd3 22. Re6 Nc5 23. Re3 Rxe3 24. fxe3 Re8 25. Bxg7 Bxg7 26. Nh6+ Kh8 27. Rf7 Qxf7 28. Nxf7+ Kg8 29. Nh6+ Kh8 30. Nb5 Ne4 31. Qh5 Nf6 32. Qf7 Nbd7 33. Nf5 Rg8 34. Nxc7 Ne5 35. Qe7 Ng6 36. Qxd6 Ne4 37. Qe6 Bf8 38. d6 1-0

[Event "Titled Tuesday intern op 04th Mar Early"]
[Site "Chess.com INT"]
[Date "2025.03.04"]
[Round "8"]
[White "Mirzoev, Azer"]
[Black "Sabure, Bojosi"]
[Result "1-0"]
[WhiteElo "2470"]
[BlackElo "1981"]
[PlyCount "71"]
[EventDate "2025.03.04"]
[EventType "swiss (blitz)"]
[EventRounds "11"]
[EventCountry "USA"]
[SourceTitle "CB11_2025"]
[SourceDate "2025.03.12"]
[SourceVersion "1"]
[SourceVersionDate "2025.03.12"]
[SourceQuality "1"]

1. c4 d6 2. Nc3 Nf6 3. e4 e5 4. d3 c6 5. g3 Be7 6. Bg2 Nbd7 7. Nge2 Nf8 8. 0-0 Bg4 9. f3 Be6 10. f4 Bg4 11. h3 Bxe2 12. Qxe2 Ne6 13. Kh2 Nd4 14. Qf2 h5 15. Be3 c5 16. b4 b6 17. Rab1 0-0 18. f5 Kh7 19. bxc5 dxc5 20. Nd5 Nxd5 21. exd5 Bg5 22. Be4 Bxe3 23. f6+ g6 24. Qxe3 Rh8 25. Qg5 Qf8 26. Qxh5+ Qh6 27. Qxh6+ Kxh6 28. h4 g5 29. Kh3 Rhg8 30. Rb2 Rad8 31. g4 Rd6 32. Kg3 gxh4+ 33. Kxh4 Rg5 34. Rh2 Nf5+ 35. Rxf5 Rxf5 36. Bxf5 1-0

[Event "Titled Tuesday intern op 04th Mar Early"]
[Site "Chess.com INT"]
[Date "2025.03.04"]
[Round "7"]
[White "Mirzoev, Azer"]
[Black "Souza, Gustavo Horokoski"]
[Result "1-0"]
[WhiteElo "2470"]
[BlackElo "1947"]
[PlyCount "63"]
[EventDate "2025.03.04"]
[EventType "swiss (blitz)"]
[EventRounds "11"]
[EventCountry "USA"]
[SourceTitle "CB11_2025"]
[SourceDate "2025.03.12"]
[SourceVersion "1"]
[SourceVersionDate "2025.03.12"]
[SourceQuality "1"]

1. c4 Nf6 2. Nc3 g6 3. g3 Bg7 4. Bg2 d6 5. h4 0-0 6. d3 h5 7. e4 c5 8. Nge2 Nc6 9. Bg5 a6 10. Qd2 Kh7 11. 0-0 Rb8 12. Nd5 Nxd5 13. cxd5 Ne5 14. d4 cxd4 15. Nxd4 Bd7 16. b3 Re8 17. Rac1 Rc8 18. Nf3 Bg4 19. Nxe5 Bxe5 20. f4 Bg7 21. f5 gxf5 22. exf5 Be5 23. Rxc8 Qxc8 24. f6 exf6 25. Bxf6 Qc5+ 26. Kh2 Bxf6 27. Rxf6 Re7 28. Qh6+ Kg8 29. Rxd6 Qc7 30. Qg5+ Kf8 31. Rh6 Ke8 32. d6 1-0

[Event "Titled Tuesday intern op 25th Feb Early"]
[Site "Chess.com INT"]
[Date "2025.02.25"]
[Round "10"]
[White "Martinez Reyes, Pedro Ramon"]
[Black "Mirzoev, Azer"]
[Result "0-1"]
[WhiteElo "2362"]
[BlackElo "2442"]
[PlyCount "58"]
[EventDate "2025.02.25"]
[EventType "swiss (blitz)"]
[EventRounds "11"]
[EventCountry "USA"]
[SourceTitle "CB10_2025"]
[SourceDate "2025.03.05"]
[SourceVersion "1"]
[SourceVersionDate "2025.03.05"]
[SourceQuality "1"]

1. e4 c6 2. d4 d5 3. Nc3 dxe4 4. Nxe4 Bf5 5. Ng3 Bg6 6. h4 h6 7. Nf3 e6 8. Bd3 Bxd3 9. Qxd3 c5 10. Be3 Qa5+ 11. c3 cxd4 12. Nxd4 Nd7 13. Qb5 Qc7 14. 0-0-0 Ngf6 15. Nh5 a6 16. Nxf6+ gxf6 17. Qe2 0-0-0 18. Qh5 Ne5 19. Kb1 Nc4 20. Bc1 Bc5 21. Nb3 Rxd1 22. Rxd1 Bxf2 23. Rf1 Be3 24. Rxf6 Bxc1 25. Kxc1 Qe5 26. Qxe5 Nxe5 27. Nd4 Kd7 28. Nf3 Ke7 29. Rf4 Nd3+ 0-1

[Event "Titled Tuesday intern op 11th Feb Early"]
[Site "Chess.com INT"]
[Date "2025.02.11"]
[Round "5"]
[White "Mirzoev, Azer"]
[Black "Babayeva, Nasrin"]
[Result "1-0"]
[WhiteElo "2442"]
[BlackElo "1936"]
[PlyCount "57"]
[EventDate "2025.02.11"]
[EventType "swiss (blitz)"]
[EventRounds "11"]
[EventCountry "USA"]
[SourceTitle "CB09_2025"]
[SourceDate "2025.02.27"]
[SourceVersion "1"]
[SourceVersionDate "2025.02.27"]
[SourceQuality "1"]

1. c4 e5 2. Nc3 Nc6 3. e3 f5 4. a3 a5 5. d4 e4 6. Nh3 Nf6 7. Nf4 g6 8. Be2 Bg7 9. b3 d6 10. Bb2 0-0 11. Qc2 Ne7 12. h4 h6 13. 0-0-0 c6 14. d5 cxd5 15. Ncxd5 Nexd5 16. Nxd5 Be6 17. Nxf6+ Bxf6 18. Bxf6 Qxf6 19. Qb2 Qxb2+ 20. Kxb2 Rfd8 21. Rd4 Kf8 22. Rhd1 Ke7 23. f3 exf3 24. Bxf3 Rab8 25. Bd5 b5 26. Bxe6 Kxe6 27. c5 Rbc8 28. Rxd6+ Rxd6 29. Rxd6+ 1-0

[Event "Titled Tuesday intern op 04th Feb Early"]
[Site "Chess.com INT"]
[Date "2025.02.04"]
[Round "6"]
[White "Amato, Leonel"]
[Black "Mirzoev, Azer"]
[Result "0-1"]
[WhiteElo "2158"]
[BlackElo "2442"]
[PlyCount "94"]
[EventDate "2025.02.04"]
[EventType "swiss (blitz)"]
[EventRounds "11"]
[EventCountry "USA"]
[SourceTitle "CB07_2025"]
[SourceDate "2025.02.12"]
[SourceVersion "1"]
[SourceVersionDate "2025.02.12"]
[SourceQuality "1"]

1. d4 c6 2. Nc3 d5 3. Bf4 Qb6 4. Rb1 Bf5 5. Nf3 e6 6. e3 h6 7. Bd3 Nf6 8. Ne5 Nbd7 9. 0-0 Nxe5 10. Bxe5 Nd7 11. Bg3 Be7 12. Qe2 0-0 13. h3 Nf6 14. Be5 Rfe8 15. Rfe1 Nd7 16. Bg3 Nf8 17. Kh1 Bh7 18. Bf4 Bf6 19. Qg4 Ng6 20. Ne2 e5 21. dxe5 Bxe5 22. Bxe5 Nxe5 23. Bxh7+ Kxh7 24. Qf5+ Kg8 25. Nd4 Rad8 26. c3 Nc4 27. Qg4 g6 28. b3 Nd2 29. Rbd1 Ne4 30. Qh4 Nxc3 31. Rc1 Nxa2 32. Ra1 Nb4 33. Qxh6 c5 34. Nf3 Nc2 35. Ng5 Qf6 36. Qh7+ Kf8 37. Rxa7 Qxg5 38. Rxb7 Qf6 39. Rc1 Na3 40. Rxc5 Re7 41. Qh6+ Kg8 42. Rcc7 Rxc7 43. Rxc7 Nb5 44. Rb7 Nc3 45. h4 Ne4 46. h5 Nxf2+ 47. Kh2 Ng4+ 0-1

[Event "Titled Tuesday intern op 04th Feb Early"]
[Site "Chess.com INT"]
[Date "2025.02.04"]
[Round "4"]
[White "De Souza, Arthur Olintho"]
[Black "Mirzoev, Azer"]
[Result "0-1"]
[WhiteElo "2105"]
[BlackElo "2442"]
[PlyCount "98"]
[EventDate "2025.02.04"]
[EventType "swiss (blitz)"]
[EventRounds "11"]
[EventCountry "USA"]
[SourceTitle "CB07_2025"]
[SourceDate "2025.02.12"]
[SourceVersion "1"]
[SourceVersionDate "2025.02.12"]
[SourceQuality "1"]

1. e4 c6 2. d4 d5 3. e5 Bf5 4. h4 Qb6 5. g4 Bd7 6. Nc3 h5 7. g5 Bf5 8. Bh3 Bxh3 9. Rxh3 e6 10. Nge2 Ne7 11. Ng3 g6 12. a3 Na6 13. Rb1 Nf5 14. Nxf5 exf5 15. Re3 Nc7 16. e6 Nxe6 17. Qe2 Kd7 18. Rxe6 fxe6 19. Qe5 Be7 20. Ne2 Qc7 21. Bf4 Qxe5 22. Bxe5 Rhg8 23. Nf4 c5 24. dxc5 Bxc5 25. Rd1 Bd6 26. Bxd6 Kxd6 27. c4 Rac8 28. cxd5 e5 29. Ne6 Rc4 30. f4 exf4 31. Kf2 f3 32. Kxf3 Rxh4 33. Nf4 Rg4 34. Re1 Rxg5 35. Re6+ Kd7 36. Rf6 h4 37. Rf7+ Kd6 38. Rf6+ Ke7 39. Re6+ Kf7 40. d6 Rg3+ 41. Kf2 Re8 42. d7 Rd8 43. Rd6 Ke7 44. Rxg6 Rxg6 45. Nxg6+ Kxd7 46. Nxh4 Ke6 47. Nf3 f4 48. Ng5+ Kf5 49. Nf7 Rd2+ 0-1

[Event "Titled Tuesday intern op 04th Feb Early"]
[Site "Chess.com INT"]
[Date "2025.02.04"]
[Round "9"]
[White "Hovakimyan, Vache"]
[Black "Mirzoev, Azer"]
[Result "0-1"]
[WhiteElo "2289"]
[BlackElo "2442"]
[PlyCount "38"]
[EventDate "2025.02.04"]
[EventType "swiss (blitz)"]
[EventRounds "11"]
[EventCountry "USA"]
[SourceTitle "CB07_2025"]
[SourceDate "2025.02.12"]
[SourceVersion "1"]
[SourceVersionDate "2025.02.12"]
[SourceQuality "1"]

1. e4 c6 2. d4 d5 3. e5 Bf5 4. h4 Qb6 5. Nc3 h5 6. Be2 e6 7. Bxh5 c5 8. Be2 cxd4 9. Nb5 Nc6 10. Nf3 Bc5 11. 0-0 a6 12. Nd6+ Bxd6 13. exd6 Nf6 14. Bf4 Be4 15. c3 Bxf3 16. Bxf3 Rxh4 17. Bg3 Rh6 18. cxd4 Kd7 19. Rc1 Rah8 0-1

[Event "Titled Tuesday intern op 04th Feb Early"]
[Site "Chess.com INT"]
[Date "2025.02.04"]
[Round "8"]
[White "Kopczynski, Michal"]
[Black "Mirzoev, Azer"]
[Result "0-1"]
[WhiteElo "2225"]
[BlackElo "2442"]
[PlyCount "84"]
[EventDate "2025.02.04"]
[EventType "swiss (blitz)"]
[EventRounds "11"]
[EventCountry "USA"]
[SourceTitle "CB07_2025"]
[SourceDate "2025.02.12"]
[SourceVersion "1"]
[SourceVersionDate "2025.02.12"]
[SourceQuality "1"]

1. e4 c6 2. d4 d5 3. Nc3 dxe4 4. Nxe4 Bf5 5. Ng3 Bg6 6. h4 h6 7. Nh3 e6 8. Nf4 Bh7 9. Bd3 Qxd4 10. Be3 Qe5 11. Bxh7 Rxh7 12. Qd3 Nf6 13. 0-0-0 Nbd7 14. Nfh5 Rh8 15. Nxf6+ Nxf6 16. Kb1 Qd5 17. Qc3 Qb5 18. f3 Nd5 19. Qe1 Bb4 20. Bd2 0-0-0 21. Bxb4 Qxb4 22. Qe5 Nf6 23. a3 Rxd1+ 24. Rxd1 Qxh4 25. Ne2 Qg5 26. Qd4 Qd5 27. Qg1 Qa5 28. Nc3 Qb6 29. Qh2 Rd8 30. Rxd8+ Qxd8 31. Qg3 g6 32. Qf4 h5 33. g4 hxg4 34. fxg4 Qe7 35. Qd4 b6 36. a4 Nd5 37. Ne4 f5 38. Nd2 Kb7 39. a5 e5 40. Qa4 e4 41. a6+ Kc7 42. Nc4 e3 0-1

[Event "Titled Tuesday intern op 04th Feb Early"]
[Site "Chess.com INT"]
[Date "2025.02.04"]
[Round "10"]
[White "Mirzoev, Azer"]
[Black "Martinez Alcantara, Jose Eduardo"]
[Result "0-1"]
[WhiteElo "2442"]
[BlackElo "2606"]
[PlyCount "122"]
[EventDate "2025.02.04"]
[EventType "swiss (blitz)"]
[EventRounds "11"]
[EventCountry "USA"]
[SourceTitle "CB07_2025"]
[SourceDate "2025.02.12"]
[SourceVersion "1"]
[SourceVersionDate "2025.02.12"]
[SourceQuality "1"]

1. d4 a5 2. e4 e6 3. Nc3 d5 4. Nf3 Nf6 5. exd5 exd5 6. Bg5 Be7 7. Bd3 0-0 8. 0-0 h6 9. Bh4 Be6 10. Re1 Nbd7 11. h3 Re8 12. Ne5 Nxe5 13. dxe5 Nd7 14. Bg3 Nc5 15. Bf1 c6 16. f4 Bf5 17. Bf2 Ne6 18. g4 Bh7 19. f5 Nc7 20. Bg2 Bh4 21. Qd2 Bg5 22. Qd3 Bf4 23. Bd4 g5 24. Re2 Ne6 25. Bf2 Nf8 26. Rae1 a4 27. a3 Nd7 28. e6 fxe6 29. Rxe6 Rxe6 30. Rxe6 Nf8 31. Re1 Ra5 32. Qd4 h5 33. Qb6 Qxb6 34. Bxb6 Ra8 35. Bf2 Nd7 36. Re7 Nf6 37. Bf3 b5 38. Ne2 Bd2 39. Nd4 hxg4 40. hxg4 Bc1 41. Re6 Rf8 42. Nxc6 Bxb2 43. Bd4 Bxd4+ 44. Nxd4 Kg7 45. Nxb5 Bg8 46. Rb6 Rc8 47. Nd4 Rc3 48. Rb7+ Kh8 49. Rb6 Kg7 50. Rb7+ Bf7 51. Ne6+ Kg8 52. Nxg5 Be8 53. Rb6 Kg7 54. Ne6+ Kg8 55. Nd4 Nd7 56. Re6 Bf7 57. Re7 Nc5 58. g5 Kf8 59. Rc7 Rc4 60. g6 Bg8 61. Rxc5 Rxc5 0-1

[Event "AZE-ch 79th"]
[Site "Baku"]
[Date "2025.02.03"]
[Round "1.3"]
[White "Mirzoev, Azer"]
[Black "Rasulov, Vugar Ural Oglu"]
[Result "1/2-1/2"]
[WhiteElo "2438"]
[BlackElo "2500"]
[PlyCount "113"]
[EventDate "2025.02.01"]
[EventType "k.o."]
[EventRounds "5"]
[EventCountry "AZE"]
[SourceTitle "CB08_2025"]
[SourceDate "2025.02.19"]
[SourceVersion "1"]
[SourceVersionDate "2025.02.19"]
[SourceQuality "1"]

1. d4 Nf6 2. Nf3 d5 3. c4 e6 4. Nc3 dxc4 5. e3 a6 6. Bxc4 b5 7. Be2 Bb7 8. 0-0 Nbd7 9. b3 c5 10. Bb2 Be7 11. h3 0-0 12. Rc1 Rc8 13. a4 b4 14. Nb1 cxd4 15. Bxd4 Ne4 16. Nfd2 Rxc1 17. Qxc1 e5 18. Bb2 Nec5 19. Qc4 a5 20. Qc2 Qa8 21. Bf3 Bxf3 22. Nxf3 Rc8 23. Bxe5 Nxa4 24. Qf5 Nac5 25. Rd1 Qc6 26. Nbd2 Qg6 27. Nd4 Bf8 28. Bg3 Qxf5 29. Nxf5 Nf6 30. Ra1 Ra8 31. Be5 Nd5 32. g4 g6 33. Ng3 Nc3 34. Bd4 Ne6 35. Bf6 Bg7 36. Bxg7 Kxg7 37. Nge4 f5 38. gxf5 gxf5 39. Nd6 Kf6 40. Kf1 Nc5 41. N6c4 a4 42. bxa4 Rxa4 43. Rxa4 N5xa4 44. Nb3 Ne4 45. Nd4 Nac5 46. f3 Ng5 47. h4 Nge6 48. Ke2 Nxd4+ 49. exd4 Na4 50. Kd3 Ke6 51. Ne3 Nb6 52. Ng2 Kd5 53. Ne3+ Ke6 54. Ng2 Kd5 55. Ne3+ Ke6 56. Ng2 Kd7 57. Ne3 1/2-1/2

[Event "Titled Tuesday intern op 14th Jan Early"]
[Site "Chess.com INT"]
[Date "2025.01.14"]
[Round "11"]
[White "Mirzoev, Azer"]
[Black "Dmitrenko, Viktor"]
[Result "1-0"]
[WhiteElo "2438"]
[BlackElo "2395"]
[PlyCount "51"]
[EventDate "2025.01.14"]
[EventType "swiss (blitz)"]
[EventRounds "11"]
[EventCountry "USA"]
[SourceTitle "CB04_2025"]
[SourceDate "2025.01.22"]
[SourceVersion "1"]
[SourceVersionDate "2025.01.22"]
[SourceQuality "1"]

1. c4 Nf6 2. Nc3 g6 3. d4 c5 4. d5 d6 5. e4 b5 6. cxb5 a6 7. a4 Bg7 8. Nf3 0-0 9. Ra3 axb5 10. Bxb5 Na6 11. 0-0 Nb4 12. h3 Qa5 13. Re1 Nd7 14. Bg5 f6 15. Bd2 f5 16. Bg5 Rf7 17. exf5 Ne5 18. Nxe5 Bxe5 19. fxg6 hxg6 20. Rxe5 dxe5 21. Bc4 Kg7 22. d6 e6 23. Qe2 Rf5 24. h4 Bb7 25. Bxe6 Ba6 26. Qg4 1-0

[Event "Titled Tuesday intern op 14th Jan Early"]
[Site "Chess.com INT"]
[Date "2025.01.14"]
[Round "6"]
[White "Mirzoev, Azer"]
[Black "Kostiukov, Alexandr"]
[Result "1-0"]
[WhiteElo "2438"]
[BlackElo "2271"]
[PlyCount "59"]
[EventDate "2025.01.14"]
[EventType "swiss (blitz)"]
[EventRounds "11"]
[EventCountry "USA"]
[SourceTitle "CB04_2025"]
[SourceDate "2025.01.22"]
[SourceVersion "1"]
[SourceVersionDate "2025.01.22"]
[SourceQuality "1"]

1. e4 c5 2. Nc3 Nc6 3. g3 g6 4. Bg2 Bg7 5. d3 d6 6. h4 h6 7. h5 g5 8. f4 e5 9. Nf3 f6 10. Be3 Nge7 11. Qd2 Nd4 12. 0-0-0 Bg4 13. Rdf1 Qd7 14. Kb1 0-0-0 15. Ne1 Be6 16. Nd5 gxf4 17. gxf4 f5 18. Nxe7+ Qxe7 19. c3 Nc6 20. exf5 Bxf5 21. fxe5 Bh7 22. Bxc6 bxc6 23. exd6 Qxd6 24. Ka1 Rhe8 25. Rhg1 Bf8 26. Qf2 Bxd3 27. Nxd3 Qxd3 28. Bxc5 Bxc5 29. Qxc5 Rd6 30. a3 1-0

[Event "Alcorcon Diagonal-A 3rd"]
[Site "Alcorcon"]
[Date "2024.12.29"]
[Round "8"]
[White "Hirneise, Jens"]
[Black "Mirzoev, Azer"]
[Result "1/2-1/2"]
[WhiteElo "2310"]
[BlackElo "2469"]
[PlyCount "190"]
[EventDate "2024.12.26"]
[EventType "tourn"]
[EventRounds "9"]
[EventCountry "ESP"]
[EventCategory "3"]
[SourceTitle "CB01_2025"]
[SourceDate "2025.01.01"]
[SourceVersion "1"]
[SourceVersionDate "2025.01.01"]
[SourceQuality "1"]

1. e4 e5 2. Nf3 Nc6 3. d4 exd4 4. Nxd4 Nf6 5. Nxc6 bxc6 6. Nd2 d6 7. Bd3 Be7 8. 0-0 0-0 9. f4 Nd7 10. Nf3 Nc5 11. Be3 Nxd3 12. cxd3 c5 13. d4 cxd4 14. Bxd4 Bb7 15. Bc3 Re8 16. Qd4 Bf8 17. e5 c5 18. Qa4 d5 19. Ba5 Qc8 20. Qc2 h6 21. f5 Ba6 22. Rf2 d4 23. e6 d3 24. Qd2 fxe6 25. f6 gxf6 26. Nh4 f5 27. Re1 Bg7 28. Bc3 Qd7 29. Bxg7 Qxg7 30. Re3 Kh7 31. Rf4 Qf6 32. Rg3 Rg8 33. Qa5 Rxg3 34. hxg3 Bb7 35. Qxc5 Be4 36. Rf2 Qg7 37. Qd6 Re8 38. Nf3 Qe7 39. Qe5 Qg7 40. Qd6 Bd5 41. Ne5 Rg8 42. Nxd3 Qxg3 43. Nf4 Rg7 44. Qc5 Bxa2 45. b4 Rd7 46. Rf1 Bb3 47. Nh5 Qg5 48. Qc6 Rf7 49. Nf4 Qf6 50. Qc5 e5 51. Nd3 e4 52. Ne5 Rg7 53. Nc6 f4 54. Nd4 f3 55. Rf2 Bg8 56. Qf5+ Qxf5 57. Nxf5 Rg5 58. Ne3 Be6 59. Rd2 Bh3 60. Rd4 fxg2 61. Rxe4 Rg7 62. Nd5 Rf7 63. Nf4 Bc8 64. Rd4 Bb7 65. Kh2 Rg7 66. Rd1 Bf3 67. Ra1 Rf7 68. Nxg2 Bxg2 69. Kxg2 Kg6 70. Ra5 h5 71. Kg3 Rh7 72. Kf4 Rb7 73. Ra6+ Kf7 74. Kg5 Rb5+ 75. Kh4 Rxb4+ 76. Kxh5 Rb7 77. Kg5 Ke7 78. Kf5 Kd7 79. Ke5 Kc7 80. Kd5 Kb8 81. Kc4 Rb6 82. Rxb6+ axb6 83. Kb5 Kc7 84. Kb4 Kc6 85. Kc4 b5+ 86. Kb4 Kb6 87. Kb3 Ka5 88. Ka3 b4+ 89. Kb3 Kb5 90. Kb2 Kc4 91. Kc2 b3+ 92. Kb2 Kb4 93. Kb1 Kc3 94. Kc1 b2+ 95. Kb1 Kb3 1/2-1/2